header

Geology and landscape of Michigan's Pictured Rocks National Lakeshore and vicinity (Record no. 148218)

MARC details
000 -LEADER
fixed length control field 01730nam a2200397Ia 4500
082 04 - DEWEY DECIMAL CLASSIFICATION NUMBER
Classification number 557.74/932
100 1# - MAIN ENTRY--AUTHOR NAME
Personal name Blewett, William L.,
245 10 - TITLE STATEMENT
Title Geology and landscape of Michigan's Pictured Rocks National Lakeshore and vicinity
260 ## - PUBLICATION, DISTRIBUTION, ETC. (IMPRINT)
Place of publication Detroit :
Name of publisher Wayne State University Press,
Year of publication c2012.
300 ## - PHYSICAL DESCRIPTION
Number of Pages xv, 181 p. :
Other physical details ill., maps.
490 1# - SERIES STATEMENT
Series statement Great Lakes books
650 #0 - SUBJECT ADDED ENTRY--TOPICAL TERM
Topical Term Geology, Structural
Topical Term Glaciology
Topical Term Paleogeography
Topical Term Paleogeography
Topical Term Geology, Stratigraphic
Topical Term Geology, Stratigraphic
856 40 - ELECTRONIC LOCATION AND ACCESS
Uniform Resource Identifier http://site.ebrary.com/lib/rucke/Doc?id=10533482

No items available.

© 2026 Rongo University
Contact us: librarian | system librarian | Rongo university